La Belgique : en bières - Statistiques

Statistiques générales
  • Ce quiz a été pris 16 fois
  • Le résultat moyen est 2 sur 5
Statistiques - réponses
Question Réponse % Correct
Combien de bières différentes y’a-t-il en Belgique ? Entre 1500 et 1600
64%
Combien de litres de bière sont produits en Belgique par an ? Près de 2 milliards d’hectolitres
57%
Combien d’argent la bière rapporte-t-elle à la Belgique par an ? 5 milliards d’euros
50%
Dans quelle région de la Belgique fabrique-t-on le plus de bière ? Flandre
36%
Combien de litres de bières sont consommés en Belgique par an ? 6,5 millions d’hectolitres
7%
Aucun quiz correspondant
Distribution des résultats
% des personnes avec chaque résultat
Percentile par nombre de réponses
Votre historique - résultats
Vous n’avez pas pris ce quiz